| 000 | 00730nam a22002297a 4500 | ||
|---|---|---|---|
| 999 |
_c3253 _d3253 |
||
| 005 | 20231109112236.0 | ||
| 008 | 231109b ||||| |||| 00| 0 eng d | ||
| 020 | _a9780753731925 | ||
| 040 | _cKH8 | ||
| 082 | _a823.912 BLY | ||
| 100 |
_aBlyton, Enid _eAuthor |
||
| 245 |
_aThe enchanted bellows and other stories _cEnid Blyton |
||
| 260 |
_aLondon, _b Bounty Books, _c2015 |
||
| 300 |
_a 187 pages : _b illustrations ; _c20 cm. |
||
| 440 | _aStar reads | ||
| 500 | _a Children's stories | ||
| 520 | _aGENERAL FICTION (CHILDREN'S / TEENAGE). The Enchanted Bellows (Enid Blyton Star Reads). Ages 5+ | ||
| 650 | _aChildren's stories | ||
| 650 |
_aChildren's stories, _vEnglish |
||
| 650 | _aFiction | ||
| 942 |
_2ddc _cFIC |
||